Special makeup effects for stage and screen : making and applying prosthetics /

With this new edition of Special Makeup Effects for Stage and Screen, author Todd Debreceni presents the latest techniques and special effects in what has become an industry "bible." In addition to genre-specific considerations, Debreceni covers the latest gear you will need and details ho...

Full description

Bibliographic Details
Main Author: Debreceni, Todd (Author)
Format: Book
Language:English
Published: New York : Routledge, [2019]
Edition:Third edition.
Subjects:

MARC

Tag First Indicator Second Indicator Subfields
LEADER 00000cam a2200000 i 4500
001 in00004024421
005 20190122115646.0
008 180215t20192019nyua b 001 0 eng
010 |a  2018006725 
020 |a 9781138049031  |q hardcover 
020 |a 1138049034  |q hardcover 
020 |a 9781138049048  |q paperback 
020 |a 1138049042  |q paperback 
020 |z 9781315169835  |q electronic book 
035 |a (OCoLC)on1023824141 
040 |a DLC  |e rda  |c DLC  |d UtOrBLW 
049 |a TXAM 
050 0 0 |a PN2068  |b .D43 2019 
082 0 0 |a 792.02/7  |2 23 
100 1 |a Debreceni, Todd,  |e author.  |0 http://id.loc.gov/authorities/names/n2008052600 
245 1 0 |a Special makeup effects for stage and screen :  |b making and applying prosthetics /  |c Todd Debreceni. 
250 |a Third edition. 
264 1 |a New York :  |b Routledge,  |c [2019] 
264 4 |c ©2019 
300 |a xxiii, 530 pages :  |b color illustrations ;  |c 26 cm. 
336 |a text  |b txt  |2 rdacontent 
337 |a unmediated  |b n  |2 rdamedia 
338 |a volume  |b nc  |2 rdacarrier 
500 |a "A Focal Press book." 
504 |a Includes bibliographical references and index. 
520 |a With this new edition of Special Makeup Effects for Stage and Screen, author Todd Debreceni presents the latest techniques and special effects in what has become an industry "bible." In addition to genre-specific considerations, Debreceni covers the latest gear you will need and details how to maintain your kit, how to take care of the actor's skin, how to airbrush for HD and much more. With in-depth, step-by-step tutorials, learn how to sculpt and mold your own makeup prosthetics, focusing on human anatomy to create the most realistic effects. This new and expanded edition features updated information on lifecasting, prosthetics made using 3D printing, advanced airbrushing techniques, new artist profiles and includes updated images and illustrations throughout. A companion website contains artist profiles that showcase some of the world's top makeup effects artists, including Steve Wang, Ve Neill, Matthew W. Mungle, Miles Teves, Jordu Schell and many others. Also included are detailed makeup tutorials led by experts in the field, such as Maddie Singer and Toby Sells. 
650 0 |a Theatrical prosthetic makeup.  |0 http://id.loc.gov/authorities/subjects/sh85107619 
945 |b 701362 
947 |a A14850590317 
948 |a cataloged  |b h  |c 2018/9/14  |d c  |e dmitchel  |f 9:50:30 am 
994 |a C0  |b TXA 
999 f f |s 809ec147-a05e-38b0-92b3-f61203b29495  |i f9891c3d-7273-33e2-9452-5fe047521ef9  |t 0 
952 f f |p normal  |a Texas A&M University  |b College Station  |c Sterling C. Evans Library  |d Evans: Library Stacks  |t 0  |e PN2068 .D43 2018  |h Library of Congress classification  |i unmediated -- volume  |m A14850590317 
998 f f |a PN2068 .D43 2018  |t 0  |l Evans: Library Stacks